| 000 | 00987cam a2200241 4500 | ||
|---|---|---|---|
| 001 | WB3820-19 | ||
| 008 | 020531n2002 000 0 eng u | ||
| 035 | _a(Sirsi) u118256 | ||
| 245 | _aOut of time, out of luck | ||
| 260 | _c2002 | ||
| 490 |
_aEstates Gazette _v(0221) 25 May 2002, 141(1) |
||
| 520 | _aDiscusses the issue of limitation of actions, under which one person's right to sue another expires after a certain time. A recent House of Lords decision in "Cave v Robinson Jarvis & Rolf" (2002) has tilted the advantage of limitation back in favour of professionals, provided they are not guilty of deliberate concealment. Looks at the position of the law following the Cave case. | ||
| 590 | _aWB | ||
| 650 | _aCAVE V ROBINSON JARVIS & ROLF | ||
| 650 | _aLIMITATION ACT 1980 S32(1)(B) | ||
| 650 | _aLIMITATION | ||
| 650 | _aBREACH OF DUTY | ||
| 650 | _aNEGLIGENCE | ||
| 650 | _aDELIBERATE CONCEALMENT | ||
| 650 | _aPROFESSIONALS | ||
| 690 | _aLAW | ||
| 942 | _n0 | ||
| 999 |
_c70408 _d70408 |
||